| 000 | 00588nam a22001817a 4500 | ||
|---|---|---|---|
| 005 | 20251108164137.0 | ||
| 008 | 250721s1997 xx 000 0 ara d | ||
| 082 | 1 | 4 | _a616.08/سلي |
| 100 | 1 | _aسليمان، عبد الرحمن سيد | |
| 245 | 1 | 0 |
_aالإعاقات البدنية : _bالمفهوم - التصنيفات - الأساليب العلاجية / |
| 264 | 1 |
_aالقاهرة : _bزهرة الشرق، _c1997. |
|
| 300 | _a453ص | ||
| 650 | 1 | 7 | _aالإعاقة البدنية |
| 650 | 1 | 7 | _aالصرع |
| 650 | 1 | 7 | _aخلع الورك |
| 942 |
_2ddc _cBK |
||
| 999 |
_c4711 _d4711 |
||